| 000 | 00635nam a2200229Ia 4500 | ||
|---|---|---|---|
| 003 | BUBTL | ||
| 008 | 151213s9999 xx 000 0 und d | ||
| 020 | _a818756731-7 | ||
| 082 |
_a346.07 _bSEL |
||
| 100 | _aArun Kumar Sen & J.K.Mitra | ||
| 245 |
_aCommercial Law and Industrial Law _cArun Kumar Sen & J.K.Mitra |
||
| 250 | _a26th | ||
| 260 |
_aKolkata _bThe World Press _c2006 |
||
| 300 |
_a[xxiv] , 1104p . : _b22cm . _cLaw . |
||
| 500 | _aIncludes Index . | ||
| 650 | _aLaw | ||
| 650 | _aLaw | ||
| 700 | _aArun Kumar Sen & J.K.Mitra | ||
| 856 |
_k0 _l0 _yDownload |
||
| 942 |
_2ddc _cBK |
||
| 999 |
_c4035 _d4035 |
||